[Event "North American Open 2014"]
[Site "Las Vegas"]
[Date "2014.12.28"]
[Round "6.6"]
[White "Molner, Mackenzie"]
[Black "Bora, Safal"]
[Result "0-1"]
[WhiteElo "2522"]
[BlackElo "2379"]
[PlyCount "117"]
[EventDate "2014.12.??"]
[EventType "swiss"]
[EventRounds "9"]
[EventCountry "USA"]
[Source "MonRoi"]

1. c4 Nf6 2. Nc3 d5 3. cxd5 Nxd5 4. g3 g6 5. Bg2 Nxc3 6. bxc3 Bg7 7. Rb1 c6 8.
Nf3 O-O 9. O-O b6 10. c4 Bf5 11. d3 Qc8 12. a4 Bh3 13. a5 Bxg2 14. Kxg2 Nd7 15.
Bb2 Qc7 16. Bxg7 Kxg7 17. Qd2 Rad8 18. d4 Kg8 19. Qc3 Rfe8 20. Rfd1 Rb8 21.
axb6 axb6 22. h4 h5 23. Ng5 Nf6 24. Qf3 Kg7 25. d5 cxd5 26. cxd5 Qe5 27. Rb3
Rf8 28. Re3 Qd6 29. Rc3 Rbd8 30. e4 Qe5 31. Rb1 Rc8 32. Rxc8 Rxc8 33. Rxb6 Qa1
34. Rc6 Rb8 35. Qc3 Qa2 36. Rxf6 exf6 37. Qc7 fxg5 38. Qe5+ Kh7 39. Qxb8 Qa4
40. Qe5 gxh4 41. gxh4 Qd1 42. Qf4 Kg7 43. Kh2 Qd4 44. Kg3 Qa1 45. d6 Qg1+ 46.
Kf3 Qd1+ 47. Kg2 Qd4 48. Kg3 Qc3+ 49. Kg2 Qd4 50. Kh2 f6 51. Kg3 Qc3+ 52. Kg2
Qd4 53. f3 Qd1 54. Qg3 Qd2+ 55. Kh3 Qd1 56. Qh2 Qxf3+ 57. Qg3 Qh1+ 58. Qh2
Qxh2+ 59. Kxh2 0-1

[Event "North American Open 2014"]
[Site "Las Vegas"]
[Date "2014.12.28"]
[Round "6.7"]
[White "Dlugy, Maxim"]
[Black "Ruiz, Joshua"]
[Result "1/2-1/2"]
[WhiteElo "2494"]
[BlackElo "2377"]
[PlyCount "43"]
[EventDate "2014.12.??"]
[EventType "swiss"]
[EventRounds "9"]
[EventCountry "USA"]
[Source "MonRoi"]

1. d4 Nf6 2. c4 e6 3. Nf3 b6 4. g3 Ba6 5. Qa4 Bb7 6. Bg2 c5 7. dxc5 bxc5 8. O-O
Be7 9. Nc3 O-O 10. Bf4 Qb6 11. Rfd1 Rd8 12. Rd2 Na6 13. Rad1 d6 14. Qb5 Ne8 15.
Ng5 Bxg2 16. Kxg2 Nac7 17. Qa4 h6 18. Nf3 e5 19. Be3 Qb7 20. Kg1 Nf6 21. Nh4
Ne6 22. Nf5 1/2-1/2

[Event "North American Open 2014"]
[Site "Las Vegas"]
[Date "2014.12.28"]
[Round "6.8"]
[White "Wang, Chen"]
[Black "Sheng, Joshua"]
[Result "1-0"]
[WhiteElo "2473"]
[BlackElo "2256"]
[PlyCount "109"]
[EventDate "2014.12.??"]
[EventType "swiss"]
[EventRounds "9"]
[EventCountry "USA"]
[Source "MonRoi"]

1. e4 c5 2. Nc3 e6 3. g3 d5 4. d3 dxe4 5. Nxe4 Nc6 6. Bg2 Nge7 7. Nf3 Nf5 8.
O-O Be7 9. c3 b6 10. g4 Nd6 11. Nxd6+ Bxd6 12. Ne5 Bxe5 13. Bxc6+ Bd7 14. Bxa8
Qxa8 15. d4 cxd4 16. cxd4 Bd6 17. d5 exd5 18. Re1+ Be6 19. Bf4 Bxf4 20. Qa4+ b5
21. Qxf4 O-O 22. Qd4 Qd8 23. h3 h5 24. Kg2 hxg4 25. hxg4 Qg5 26. Re5 Qxg4+ 27.
Qxg4 Bxg4 28. Rxd5 Rb8 29. b3 Rb6 30. f3 Be6 31. Rc5 a6 32. Rd1 a5 33. a4 bxa4
34. bxa4 Ra6 35. Rd4 g6 36. Kf2 Kf8 37. Ke3 Ke7 38. Rc7+ Kf6 39. Re4 Bf5 40.
Rec4 Be6 41. R4c6 Ra8 42. Rb7 Kg5 43. Rc5+ Kh4 44. Rb1 Bf5 45. Rc4+ Kg5 46. Rb5
f6 47. Kf2 Ra7 48. Kg3 Kh6 49. Rcc5 Rd7 50. Rxa5 Rd3 51. Rc4 Ra3 52. Rac5 Be6
53. Rh4+ Kg7 54. Rc7+ Bf7 55. Rb4 1-0

[Event "North American Open 2014"]
[Site "Las Vegas"]
[Date "2014.12.28"]
[Round "6.9"]
[White "Sevillano, Enrico"]
[Black "Shetty, Atulya"]
[Result "1-0"]
[WhiteElo "2465"]
[BlackElo "2307"]
[PlyCount "83"]
[EventDate "2014.12.??"]
[EventType "swiss"]
[EventRounds "9"]
[EventCountry "USA"]
[Source "MonRoi"]

1. e4 e6 2. d4 d5 3. e5 c5 4. c3 Qb6 5. Nf3 Nc6 6. a3 Nh6 7. b4 cxd4 8. cxd4
Nf5 9. Bb2 Bd7 10. Ra2 Rc8 11. Ba1 Be7 12. Be2 f6 13. O-O fxe5 14. dxe5 O-O 15.
Nc3 Be8 16. Rc2 Qd8 17. h3 Bg6 18. Bd3 Qe8 19. Ne2 Qf7 20. Nf4 Nh4 21. Nxh4
Bxd3 22. Nxd3 Bxh4 23. Qg4 Be7 24. Rfc1 a6 25. a4 h5 26. Qg3 Qf5 27. b5 axb5
28. axb5 Na7 29. Rc7 h4 30. Qg4 Qxg4 31. hxg4 Ba3 32. Rxb7 Bxc1 33. Rxa7 h3 34.
b6 Bd2 35. gxh3 Rf7 36. Bd4 Rb8 37. f4 Rfb7 38. Ra2 Bc3 39. Bxc3 Rxb6 40. Nc5
Rb1+ 41. Kg2 R8b6 42. f5 1-0

[Event "North American Open 2014"]
[Site "Las Vegas"]
[Date "2014.12.28"]
[Round "6.10"]
[White "Huang, Qian"]
[Black "Adamson, Robby"]
[Result "1-0"]
[WhiteElo "2464"]
[BlackElo "2249"]
[PlyCount "49"]
[EventDate "2014.12.??"]
[EventType "swiss"]
[EventRounds "9"]
[EventCountry "USA"]
[Source "MonRoi"]

1. Nf3 Nf6 2. c4 e6 3. Nc3 d5 4. d4 Bb4 5. Qa4+ Nc6 6. Bg5 h6 7. Bxf6 Qxf6 8.
e3 O-O 9. Be2 Bd7 10. Qb3 dxc4 11. Qxc4 Bd6 12. O-O e5 13. Ne4 Qe7 14. Nxd6
cxd6 15. d5 Na5 16. Qc7 b6 17. Ba6 Rfc8 18. Bxc8 Rxc8 19. Qxa7 Nc4 20. Rfc1 Qe8
21. a4 Ra8 22. Qb7 Rb8 23. Qa6 Na5 24. Nd2 Bxa4 25. Qd3 1-0

[Event "North American Open 2014"]
[Site "Las Vegas"]
[Date "2014.12.28"]
[Round "6.11"]
[White "Akobian, Varuzhan"]
[Black "Feng, Roland"]
[Result "1-0"]
[WhiteElo "2637"]
[BlackElo "2139"]
[PlyCount "67"]
[EventDate "2014.12.??"]
[EventType "swiss"]
[EventRounds "9"]
[EventCountry "USA"]
[Source "MonRoi"]

1. d4 Nf6 2. c4 e6 3. Nf3 Bb4+ 4. Nbd2 b6 5. a3 Bxd2+ 6. Nxd2 Bb7 7. Qc2 d5 8.
e3 O-O 9. b4 c5 10. Bb2 cxd4 11. Bxd4 dxc4 12. Bxc4 Bd5 13. Bd3 Nc6 14. Bb2 Rc8
15. Qb1 e5 16. O-O Qe7 17. Rc1 Rfd8 18. h3 h6 19. Rc3 e4 20. Ba6 Rb8 21. Qc2
Qe6 22. Rc1 Ne5 23. Rc8 Nd3 24. Rxb8 Rxb8 25. Bxd3 exd3 26. Qxd3 Ne4 27. Nf1 f5
28. f3 Ng5 29. Ng3 Re8 30. Rc7 f4 31. exf4 Bxf3 32. fxg5 Qe1+ 33. Kh2 Qf2 34.
Rxg7+ 1-0

[Event "North American Open 2014"]
[Site "Las Vegas"]
[Date "2014.12.28"]
[Round "6.12"]
[White "Batchuluun, Tsegme"]
[Black "Wheeler, Cameron"]
[Result "1-0"]
[WhiteElo "2525"]
[BlackElo "2284"]
[PlyCount "54"]
[EventDate "2014.12.??"]
[EventType "swiss"]
[EventRounds "9"]
[EventCountry "USA"]
[Source "MonRoi"]

1. d4 d5 2. c4 e6 3. Nf3 c6 4. Qc2 Nf6 5. g3 Be7 6. Bg2 O-O 7. Nbd2 Nbd7 8. O-O
b6 9. e4 dxe4 10. Nxe4 Bb7 11. Bf4 Nxe4 12. Qxe4 Nf6 13. Qe2 c5 14. Rfd1 cxd4
15. Rxd4 Qc8 16. Ne5 Bxg2 17. Kxg2 Qc5 18. Rad1 Rad8 19. Rxd8 Bxd8 20. b4 Qc8
21. Qf3 h6 22. Nc6 Qa8 23. b5 Re8 24. Rd3 Kh7 25. Ra3 a5 26. bxa6 g5 27. Nxd8
Rxd8 1-0

[Event "North American Open 2014"]
[Site "Las Vegas"]
[Date "2014.12.28"]
[Round "6.13"]
[White "Brown, Michael"]
[Black "Chandra, Akshat"]
[Result "0-1"]
[WhiteElo "2319"]
[BlackElo "2489"]
[PlyCount "92"]
[EventDate "2014.12.??"]
[EventType "swiss"]
[EventRounds "9"]
[EventCountry "USA"]
[Source "MonRoi"]

1. d4 Nf6 2. c4 e6 3. Nc3 Bb4 4. e3 O-O 5. Nge2 d5 6. a3 Be7 7. cxd5 exd5 8.
Nf4 c6 9. Bd3 a5 10. O-O Na6 11. Qc2 Nc7 12. Bd2 Ne6 13. Nxe6 Bxe6 14. Na4 Bd6
15. h3 Re8 16. Nc5 Bc8 17. b4 Bc7 18. b5 Qd6 19. f4 b6 20. Na4 cxb5 21. Nc3 Bd7
22. Nxb5 Bxb5 23. Bxb5 Re7 24. Qd3 Ne4 25. Rfc1 Re6 26. Rc2 Rd8 27. Rac1 Bb8
28. Be1 g5 29. g3 Qe7 30. Rc8 Kg7 31. Rxd8 Qxd8 32. a4 Qe7 33. Rc6 gxf4 34.
exf4 Rxc6 35. Bxc6 Qe6 36. Ba8 Nf6 37. Qf1 Qe8 38. f5 Qxa4 39. Qd3 Qe8 40. Bd2
Bd6 41. Bb7 Qe4 42. Bh6+ Kxh6 43. Qd2+ Bf4 44. gxf4 Qf3 45. Qb2 Qg3+ 46. Kf1
Qxh3+ 0-1

[Event "North American Open 2014"]
[Site "Las Vegas"]
[Date "2014.12.28"]
[Round "6.14"]
[White "Mitkov, Nikola"]
[Black "Gulamali, Kazim"]
[Result "1-0"]
[WhiteElo "2482"]
[BlackElo "2315"]
[PlyCount "117"]
[EventDate "2014.12.??"]
[EventType "swiss"]
[EventRounds "9"]
[EventCountry "USA"]
[Source "MonRoi"]

1. e4 c5 2. Nc3 d6 3. f4 Nc6 4. Nf3 Bg4 5. Bb5 Rc8 6. h3 Bxf3 7. Qxf3 e6 8. O-O
Nf6 9. d3 Be7 10. Ne2 O-O 11. Ba4 Qa5 12. Bb3 b5 13. c3 c4 14. Bc2 cxd3 15.
Bxd3 b4 16. Bd2 d5 17. exd5 Qxd5 18. Qxd5 Nxd5 19. c4 Nb6 20. Rad1 Na4 21. Bc1
Bf6 22. b3 Nc3 23. Nxc3 bxc3 24. Be4 Bd4+ 25. Kh2 Rfd8 26. Rf3 Nb4 27. a3 Na2
28. Bc2 Bc5 29. Bd3 a5 30. f5 exf5 31. Bf4 Bxa3 32. Ra1 Nb4 33. Bxf5 Rc5 34.
Bg5 Bb2 35. Rxa5 Rxa5 36. Bxd8 Rxf5 37. Rxf5 f6 38. Bb6 c2 39. Be3 Nd3 40. Rd5
Nb4 41. Rd2 c1=Q 42. Rd8+ Kf7 43. Bxc1 Bxc1 44. Kg3 Ke6 45. Kf3 Nc6 46. Rd1 Bb2
47. Ke3 Ba3 48. Rd5 Bc1+ 49. Ke4 Ne5 50. Rb5 f5+ 51. Kd4 Bb2+ 52. Ke3 Bc1+ 53.
Ke2 Nc6 54. Kd3 Ne5+ 55. Kc2 Be3 56. Rb7 Nd7 57. b4 Kd6 58. c5+ Kc6 59. Ra7 1-0

[Event "North American Open 2014"]
[Site "Las Vegas"]
[Date "2014.12.28"]
[Round "6.15"]
[White "Atoufi, Pedram"]
[Black "Vera, Reinaldo"]
[Result "1-0"]
[WhiteElo "2274"]
[BlackElo "2445"]
[PlyCount "55"]
[EventDate "2014.12.??"]
[EventType "swiss"]
[EventRounds "9"]
[EventCountry "USA"]
[Source "MonRoi"]

1. e4 c5 2. Nf3 e6 3. d4 cxd4 4. Nxd4 Nf6 5. Nc3 d6 6. Be2 Be7 7. O-O a6 8. f4
O-O 9. a4 Nc6 10. Be3 Qc7 11. Kh1 Re8 12. a5 Nxa5 13. e5 dxe5 14. fxe5 Qxe5 15.
Bf4 Qc5 16. Na4 Qa7 17. Be3 b6 18. b4 Bxb4 19. Rxf6 gxf6 20. Bd3 f5 21. Qh5 Bf8
22. Rf1 Re7 23. Nxb6 f6 24. Nxc8 Rxc8 25. Nxf5 exf5 26. Bxa7 Rxa7 27. Qxf5 Rc5
28. Qxf6 1-0

[Event "North American Open 2014"]
[Site "Las Vegas"]
[Date "2014.12.28"]
[Round "6.16"]
[White "Song, Edward"]
[Black "Yankovsky, Roman"]
[Result "1/2-1/2"]
[WhiteElo "2289"]
[BlackElo "2436"]
[PlyCount "152"]
[EventDate "2014.12.??"]
[EventType "swiss"]
[EventRounds "9"]
[EventCountry "USA"]
[Source "MonRoi"]

1. d4 Nf6 2. Nf3 b6 3. g3 Bb7 4. Bg2 g6 5. O-O Bg7 6. c4 O-O 7. Nc3 Ne4 8. Bd2
Nxc3 9. Bxc3 Be4 10. Qd2 d5 11. cxd5 Qxd5 12. Ne1 Bxg2 13. Nxg2 e5 14. Ne3 Qd8
15. d5 Nd7 16. Rfd1 Re8 17. Qc2 Nf6 18. Nc4 e4 19. d6 b5 20. Bxf6 Bxf6 21. d7
Re7 22. Ne3 Rxd7 23. Qxe4 Rxd1+ 24. Rxd1 Qe8 25. Qxe8+ Rxe8 26. b3 Kg7 27. Kf1
c6 28. Rd7 Re7 29. Rd6 Rc7 30. Ke1 Be7 31. Rd3 Bc5 32. Kd2 Kf6 33. Nd1 Ke6 34.
e3 f5 35. Nc3 Rd7 36. Rxd7 Kxd7 37. Kd3 Ke6 38. Ne2 Bb6 39. f3 Kd5 40. Nc3+ Ke5
41. Ne2 c5 42. Nc3 c4+ 43. bxc4 bxc4+ 44. Kxc4 Bxe3 45. Ne2 g5 46. Kd3 Bf2 47.
f4+ gxf4 48. Nxf4 Bg1 49. h3 Bf2 50. Nh5 Bc5 51. Ke2 Kd4 52. Ng7 Ke4 53. Ne8
Be7 54. Kf2 a5 55. Nc7 Bc5+ 56. Kg2 a4 57. Nb5 a3 58. Nc3+ Kd3 59. Nb5 Kc4 60.
Nxa3+ Bxa3 61. Kf3 Bd6 62. g4 f4 63. Ke4 Kc3 64. a4 Bc7 65. h4 Kd2 66. a5 Ke2
67. a6 f3 68. a7 f2 69. a8=Q f1=Q 70. Qa6+ Kf2 71. Qxf1+ Kxf1 72. g5 Kg2 73. h5
Bd8 74. g6 hxg6 75. hxg6 Bf6 76. g7 Bxg7 1/2-1/2

[Event "North American Open 2014"]
[Site "Las Vegas"]
[Date "2014.12.28"]
[Round "6.17"]
[White "Kretchetov, Alexandre"]
[Black "Arenas, David"]
[Result "1-0"]
[WhiteElo "2264"]
[BlackElo "2435"]
[PlyCount "61"]
[EventDate "2014.12.??"]
[EventType "swiss"]
[EventRounds "9"]
[EventCountry "USA"]
[Source "MonRoi"]

1. Nf3 Nf6 2. c4 g6 3. Nc3 Bg7 4. e4 d6 5. d4 O-O 6. Be2 e5 7. d5 a5 8. Bg5 Na6
9. Nd2 Nc5 10. h4 Qe8 11. h5 Nfd7 12. hxg6 hxg6 13. Qc2 f6 14. Be3 a4 15. O-O-O
f5 16. exf5 gxf5 17. Bh5 Qe7 18. Bg6 Nf6 19. Bxc5 dxc5 20. Bxf5 e4 21. Bxc8
Raxc8 22. Ndxe4 a3 23. Ng5 axb2+ 24. Kb1 Rfe8 25. Qg6 Qd7 26. Rh3 Re5 27. Ne6
Rxe6 28. dxe6 Qxe6 29. Rdh1 Kf8 30. Nd5 Re8 31. Nxf6 1-0

[Event "North American Open 2014"]
[Site "Las Vegas"]
[Date "2014.12.28"]
[Round "6.18"]
[White "Bryant, John"]
[Black "Velikanov, Alexander"]
[Result "1/2-1/2"]
[WhiteElo "2367"]
[BlackElo "2234"]
[PlyCount "87"]
[EventDate "2014.12.??"]
[EventType "swiss"]
[EventRounds "9"]
[EventCountry "USA"]
[Source "MonRoi"]

1. e4 c5 2. Nf3 e6 3. d4 cxd4 4. Nxd4 Nc6 5. Nc3 Qc7 6. Be2 Nf6 7. O-O Be7 8.
Be3 O-O 9. f4 d6 10. Kh1 Nxd4 11. Qxd4 b6 12. e5 dxe5 13. fxe5 Nd7 14. Nb5 Qxe5
15. Bf3 Rb8 16. Nxa7 Qxd4 17. Bxd4 Bc5 18. Bc3 Bb7 19. Bxb7 Rxb7 20. Nb5 Be7
21. Rad1 Nf6 22. Bd4 Ne4 23. b3 f5 24. c4 Rc8 25. g3 h5 26. Kg2 g5 27. Be5 Kf7
28. Rde1 Kg6 29. Nd4 Re8 30. Nc6 Bf8 31. a4 Rc8 32. Nd4 Re8 33. h4 Bg7 34. Nc6
Rc8 35. Bxg7 Rxg7 36. Nd4 Re8 37. hxg5 Kxg5 38. Rf4 Kh6 39. Rfxe4 fxe4 40. Rxe4
Rg6 41. b4 Ra8 42. c5 bxc5 43. bxc5 e5 44. Nf5+ 1/2-1/2

[Event "North American Open 2014"]
[Site "Las Vegas"]
[Date "2014.12.28"]
[Round "6.19"]
[White "Krishnan, Varun"]
[Black "Kavutskiy, Kostya"]
[Result "0-1"]
[WhiteElo "2276"]
[BlackElo "2332"]
[PlyCount "90"]
[EventDate "2014.12.??"]
[EventType "swiss"]
[EventRounds "9"]
[EventCountry "USA"]
[Source "MonRoi"]

1. e4 e5 2. Nf3 Nc6 3. Bb5 a6 4. Ba4 Nf6 5. O-O b5 6. Bb3 Bc5 7. a4 Bb7 8. c3
d6 9. d4 Bb6 10. a5 Ba7 11. Re1 h6 12. h3 O-O 13. Be3 Re8 14. Nbd2 exd4 15.
cxd4 Nb4 16. d5 Bxe3 17. Rxe3 c6 18. Qe1 cxd5 19. e5 dxe5 20. Rxe5 Nd3 21.
Rxe8+ Qxe8 22. Qxe8+ Rxe8 23. Rb1 g6 24. Nd4 Ne4 25. Nxe4 Rxe4 26. Nc2 Re2 27.
f3 Kg7 28. Kf1 Rf2+ 29. Kg1 Rd2 30. Kf1 h5 31. h4 Kf6 32. Ne3 d4 33. Nd5+ Ke5
34. Ne7 Kd6 35. Ng8 Rf2+ 36. Kg1 Rxb2 37. Rxb2 Nxb2 38. Kf2 Nc4 39. Ke2 Kc5 40.
Kd3 Ne5+ 41. Kd2 Kb4 42. Ba2 Ka3 43. Bb1 Kb2 44. Be4 Bxe4 45. fxe4 b4 0-1

[Event "North American Open 2014"]
[Site "Las Vegas"]
[Date "2014.12.28"]
[Round "6.20"]
[White "Viswanadha, Kesav"]
[Black "Inapuri, Ramya"]
[Result "1/2-1/2"]
[WhiteElo "2404"]
[BlackElo "2107"]
[PlyCount "67"]
[EventDate "2014.12.??"]
[EventType "swiss"]
[EventRounds "9"]
[EventCountry "USA"]
[Source "MonRoi"]

1. e4 d5 2. exd5 Qxd5 3. Nc3 Qd6 4. d4 Nf6 5. Bc4 a6 6. Nf3 Bg4 7. Be3 Nc6 8.
h3 Bh5 9. g4 Bg6 10. Qe2 e6 11. O-O-O Ne4 12. Nb1 Nf6 13. Nc3 Ne4 14. Nb1 Nf6
15. Ne5 Be4 16. f3 Bd5 17. g5 Nxe5 18. dxe5 Qc6 19. exf6 Bxc4 20. Qf2 gxf6 21.
gxf6 Bxa2 22. Nc3 Bc4 23. Rhg1 a5 24. Ne4 a4 25. Kb1 a3 26. b3 Bd5 27. Ka2 b6
28. Qd2 Bb4 29. Qe2 O-O-O 30. Ng5 e5 31. Rg4 Qc3 32. Bc1 Kb7 33. Ne4 Qc6 34.
Ng5 1/2-1/2

[Event "North American Open 2014"]
[Site "Las Vegas"]
[Date "2014.12.28"]
[Round "6.21"]
[White "Sang, Tian"]
[Black "Winer, Steven"]
[Result "1/2-1/2"]
[WhiteElo "2287"]
[BlackElo "2380"]
[PlyCount "80"]
[EventDate "2014.12.??"]
[EventType "swiss"]
[EventRounds "9"]
[EventCountry "USA"]
[Source "MonRoi"]

1. e4 c5 2. Nf3 d6 3. d4 cxd4 4. Nxd4 Nf6 5. Nc3 a6 6. Be3 e5 7. Nb3 Be7 8. f3
Be6 9. Qd2 O-O 10. O-O-O Nbd7 11. g4 b5 12. Kb1 b4 13. Ne2 a5 14. g5 Ne8 15.
Ng3 a4 16. Nc1 Ra5 17. Nf5 d5 18. Nxe7+ Qxe7 19. exd5 Rxd5 20. Bd3 Nc7 21. Qe2
Ra5 22. Bc4 Nd5 23. Bxd5 Bxd5 24. Rd2 b3 25. a3 bxc2+ 26. Rxc2 Rb8 27. Ka1 Rab5
28. Na2 Bxa2 29. Kxa2 Qe6+ 30. Ka1 Nf8 31. Rhc1 Rb3 32. Ba7 R8b7 33. Bc5 Rb8
34. Bxf8 Kxf8 35. Qe4 g6 36. f4 Rxb2 37. Rxb2 Rxb2 38. Kxb2 Qb3+ 39. Ka1 Qxa3+
40. Kb1 Qb3+ 1/2-1/2

[Event "North American Open 2014"]
[Site "Las Vegas"]
[Date "2014.12.28"]
[Round "6.24"]
[White "Sinha, Sahil"]
[Black "Tate, Emory"]
[Result "1-0"]
[WhiteElo "2063"]
[BlackElo "2268"]
[PlyCount "63"]
[EventDate "2014.12.??"]
[EventType "swiss"]
[EventRounds "9"]
[EventCountry "USA"]
[Source "MonRoi"]

1. d4 c5 2. d5 g6 3. c4 Bg7 4. e4 d6 5. Qc2 Na6 6. a3 f5 7. Nc3 Nf6 8. Bd3 fxe4
9. Nxe4 Nc7 10. Ne2 O-O 11. Nxf6+ exf6 12. O-O Bd7 13. Bf4 Be8 14. Nc3 f5 15.
Rfe1 g5 16. Bd2 Bg6 17. Rab1 a5 18. Ne2 a4 19. f4 g4 20. Bc3 Bxc3 21. Nxc3 Qd7
22. g3 h5 23. Qd2 Qg7 24. Bc2 Be8 25. Bd3 h4 26. Kg2 Qh6 27. Rh1 h3+ 28. Kf2
Qf6 29. Rhe1 Bf7 30. Bc2 b5 31. Nxb5 Nxb5 32. cxb5 1-0

[Event "North American Open 2014"]
[Site "Las Vegas"]
[Date "2014.12.28"]
[Round "6.27"]
[White "Colas, Joshua"]
[Black "Li, Ethan"]
[Result "1/2-1/2"]
[WhiteElo "2220"]
[BlackElo "2288"]
[PlyCount "39"]
[EventDate "2014.12.??"]
[EventType "swiss"]
[EventRounds "9"]
[EventCountry "USA"]
[Source "MonRoi"]

1. d4 Nf6 2. c4 e6 3. Nc3 Bb4 4. f3 O-O 5. e4 d5 6. cxd5 exd5 7. e5 Nfd7 8. f4
c5 9. Be3 Nc6 10. Nf3 cxd4 11. Nxd4 Nc5 12. Be2 Ne4 13. Qd3 Nxd4 14. Bxd4 Bf5
15. Qe3 Qh4+ 16. g3 Qh3 17. Bf1 Qh6 18. Be2 Qh3 19. Bf1 Qh6 20. Be2 1/2-1/2

[Event "North American Open 2014"]
[Site "Las Vegas"]
[Date "2014.12.28"]
[Round "6.29"]
[White "Li, Ruifeng"]
[Black "Hu, Bryan"]
[Result "1-0"]
[WhiteElo "2351"]
[BlackElo "2185"]
[PlyCount "59"]
[EventDate "2014.12.??"]
[EventType "swiss"]
[EventRounds "9"]
[EventCountry "USA"]
[Source "MonRoi"]

1. e4 e5 2. Nf3 Nc6 3. Bb5 a6 4. Ba4 Nf6 5. O-O Be7 6. Nc3 b5 7. Bb3 O-O 8. d3
d6 9. Nd5 Be6 10. c3 Qd7 11. Nxe7+ Nxe7 12. Bc2 Bg4 13. h3 Bh5 14. Bg5 Ne8 15.
Nxe5 dxe5 16. Qxh5 Ng6 17. Rad1 Qc6 18. Bb3 Nf6 19. Qf3 Qb6 20. d4 Rae8 21.
Rfe1 Re7 22. h4 Rfe8 23. h5 Nf8 24. h6 exd4 25. hxg7 Kxg7 26. cxd4 h6 27. Bf4
Rxe4 28. Rxe4 Nxe4 29. Be5+ Nf6 30. Rc1 1-0

[Event "North American Open 2014"]
[Site "Las Vegas"]
[Date "2014.12.29"]
[Round "7.2"]
[White "Zhou, Jianchao"]
[Black "Yermolinsky, Alex"]
[Result "1/2-1/2"]
[WhiteElo "2587"]
[BlackElo "2519"]
[PlyCount "143"]
[EventDate "2014.12.??"]
[EventType "swiss"]
[EventRounds "9"]
[EventCountry "USA"]
[Source "MonRoi"]

1. c4 c5 2. Nf3 Nf6 3. Nc3 e6 4. g3 b6 5. Bg2 Bb7 6. O-O Be7 7. Re1 Ne4 8. Nxe4
Bxe4 9. d3 Bb7 10. e4 Nc6 11. d4 cxd4 12. Nxd4 Nxd4 13. Qxd4 O-O 14. b3 Bc5 15.
Qd3 a5 16. Be3 Qe7 17. Bxc5 bxc5 18. Rad1 Rfd8 19. e5 Bxg2 20. Kxg2 a4 21. Qe3
axb3 22. axb3 Rab8 23. Rd6 f6 24. Qxc5 Rxb3 25. Qc7 fxe5 26. c5 Rf8 27. Rd2 Qf6
28. Qxd7 Rc3 29. Qc6 e4 30. Qxe4 Rxc5 31. Qxe6+ Qxe6 32. Rxe6 Rc7 33. Re5 h6
34. h4 Rfc8 35. h5 Rc5 36. Rd8+ Rxd8 37. Rxc5 Kf7 38. Rf5+ Ke6 39. g4 Rd4 40.
Kg3 Ra4 41. Rf4 Ra1 42. Rb4 Ra6 43. Kh4 Ra1 44. Kg3 Kf6 45. Rb6+ Kf7 46. Rb4
Kf6 47. Kf4 Ra6 48. f3 Ra1 49. Rb6+ Kf7 50. Rc6 Ra4+ 51. Ke5 Ra5+ 52. Kd4 Ra3
53. Rc3 Ra1 54. Ke4 Ra4+ 55. Ke3 Ra1 56. f4 Ra4 57. Rd3 Ke6 58. Kf3 Kf6 59. Re3
Ra1 60. Rd3 Ke6 61. Rc3 Ra4 62. Rc6+ Kf7 63. g5 hxg5 64. fxg5 Ra3+ 65. Ke4 Ra4+
66. Kd5 Ra5+ 67. Rc5 Rxc5+ 68. Kxc5 Ke6 69. h6 gxh6 70. gxh6 Kf7 71. h7 Kg7 72.
h8=B+ 1/2-1/2

[Event "North American Open 2014"]
[Site "Las Vegas"]
[Date "2014.12.29"]
[Round "7.3"]
[White "Becerra, Julio"]
[Black "De Guzman, Ricardo"]
[Result "1-0"]
[WhiteElo "2546"]
[BlackElo "2386"]
[PlyCount "98"]
[EventDate "2014.12.??"]
[EventType "swiss"]
[EventRounds "9"]
[EventCountry "USA"]
[Source "MonRoi"]

1. e4 e5 2. Nf3 Nc6 3. Bb5 a6 4. Ba4 Nf6 5. O-O Be7 6. Re1 b5 7. Bb3 d6 8. c3
O-O 9. d3 Na5 10. Bc2 c5 11. Nbd2 Nc6 12. Nf1 Re8 13. Bg5 h6 14. Bxf6 Bxf6 15.
Ne3 g6 16. a4 Rb8 17. axb5 axb5 18. Bb3 Bg7 19. h4 Rf8 20. h5 gxh5 21. g3 Bf6
22. Kg2 h4 23. Rh1 h3+ 24. Kg1 Kh7 25. Nh2 Bg5 26. Nhf1 Qf6 27. Qh5 c4 28. Bc2
cxd3 29. Bxd3 b4 30. Qe2 bxc3 31. bxc3 Rg8 32. Nd5 Qg6 33. Nfe3 Kh8 34. Nf5 Bd7
35. Rxh3 Ra8 36. Rd1 Ra5 37. Bb1 Qh7 38. Kg2 Rg6 39. Rhh1 Qg8 40. Nde3 Rc5 41.
Qd3 Bf4 42. Ba2 Be6 43. Bd5 Qf8 44. Ra1 Bxe3 45. Nxe3 Kg7 46. Ra6 Qc8 47. Bxe6
fxe6 48. Qxd6 Rxc3 49. Rha1 Kh7 1-0

[Event "North American Open 2014"]
[Site "Las Vegas"]
[Date "2014.12.29"]
[Round "7.4"]
[White "Huang, Qian"]
[Black "Georgiev, Vladimir"]
[Result "1/2-1/2"]
[WhiteElo "2464"]
[BlackElo "2517"]
[PlyCount "117"]
[EventDate "2014.12.??"]
[EventType "swiss"]
[EventRounds "9"]
[EventCountry "USA"]
[Source "MonRoi"]

1. Nf3 d5 2. d4 Nf6 3. c4 dxc4 4. e3 b5 5. a4 b4 6. Bxc4 e6 7. Nbd2 Bb7 8. Nb3
Nbd7 9. O-O a5 10. Qe2 Bd6 11. Bd3 O-O 12. e4 e5 13. Rd1 Qe7 14. d5 c6 15. dxc6
Bxc6 16. Bg5 h6 17. Bh4 Rfd8 18. Nfd2 Nc5 19. Bb5 Bb7 20. f3 Ne6 21. Nc4 Nd4
22. Nxd4 Bc5 23. Kh1 Rxd4 24. Bf2 Rxd1+ 25. Rxd1 Ba6 26. Bxc5 Qxc5 27. Bxa6
Rxa6 28. Nxe5 Rd6 29. Rxd6 Qxd6 30. Nc4 Qd7 31. b3 Qd4 32. g3 Qc3 33. Qd1 Nd7
34. Qxd7 Qxf3+ 35. Kg1 Qxb3 36. Qe8+ Kh7 37. Qxf7 Qxa4 38. Qf5+ Kh8 39. Qf8+
Kh7 40. Qf5+ Kh8 41. Nxa5 b3 42. Nxb3 Qxb3 43. Kg2 Qc2+ 44. Kh3 Qd3 45. Qf4
Qd7+ 46. Kg2 Qc6 47. h4 Qc2+ 48. Kh3 h5 49. Qf3 g6 50. e5 Kg7 51. Qf6+ Kh7 52.
e6 Qe4 53. Qf7+ Kh8 54. Qe8+ Kh7 55. Qd7+ Kh8 56. Qc8+ Kh7 57. Qc7+ Kh8 58.
Qb8+ Kh7 59. Qc7+ 1/2-1/2

[Event "North American Open 2014"]
[Site "Las Vegas"]
[Date "2014.12.29"]
[Round "7.5"]
[White "Wang, Chen"]
[Black "Sevillano, Enrico"]
[Result "1/2-1/2"]
[WhiteElo "2473"]
[BlackElo "2465"]
[PlyCount "69"]
[EventDate "2014.12.??"]
[EventType "swiss"]
[EventRounds "9"]
[EventCountry "USA"]
[Source "MonRoi"]

1. d4 Nf6 2. Bg5 d5 3. e3 c6 4. Bxf6 exf6 5. Nf3 Qb6 6. Qc1 Be6 7. Nbd2 a5 8.
Be2 a4 9. O-O Be7 10. Ne1 O-O 11. Nd3 Nd7 12. Nf4 Bd6 13. Nxe6 fxe6 14. c4 Be7
15. Qc2 f5 16. g3 Rfc8 17. Rfc1 Qd8 18. Qd3 g6 19. Bf1 Rab8 20. Rc2 Ra8 21.
Rac1 Bf6 22. Nf3 Kg7 23. Qd1 Be7 24. Ne1 Bd6 25. Bg2 Rcb8 26. Qe2 Qe7 27. Nd3
Re8 28. Rd1 Nf6 29. Rcc1 h5 30. h4 Ne4 31. Nf4 Nf6 32. Nd3 Ne4 33. Nf4 Nf6 34.
Nd3 Ne4 35. Nf4 1/2-1/2

[Event "North American Open 2014"]
[Site "Las Vegas"]
[Date "2014.12.29"]
[Round "7.8"]
[White "Ruiz, Joshua"]
[Black "Batchuluun, Tsegme"]
[Result "0-1"]
[WhiteElo "2377"]
[BlackElo "2525"]
[PlyCount "64"]
[EventDate "2014.12.??"]
[EventType "swiss"]
[EventRounds "9"]
[EventCountry "USA"]
[Source "MonRoi"]

1. e4 e6 2. d4 d5 3. Nc3 Nf6 4. Bg5 Bb4 5. e5 h6 6. Bd2 Bxc3 7. bxc3 Ne4 8. Qg4
Kf8 9. Bd3 Nxd2 10. Kxd2 c5 11. h4 Nc6 12. Rh3 c4 13. Be2 b5 14. Rg3 Rg8 15.
Nh3 Ne7 16. Nf4 Nf5 17. Rf3 a5 18. a3 Bd7 19. Rh3 b4 20. axb4 axb4 21. Rxa8
bxc3+ 22. Kxc3 Qxa8 23. Kd2 Qa1 24. c3 Ke7 25. Bd1 Rb8 26. Bc2 Rb2 27. Qd1 Qa2
28. g4 Ba4 29. gxf5 Rxc2+ 30. Ke1 Rb2 31. f6+ gxf6 32. exf6+ Kd6 0-1